| 000 | 00530nam a22001817a 4500 | ||
|---|---|---|---|
| 003 | OSt | ||
| 005 | 20140310182135.0 | ||
| 008 | 130829t xxu||||| |||| 00| 0 eng d | ||
| 050 |
_aDT 352 _b.Y68 1971 |
||
| 082 |
_aHS 910 _bY84 1978 |
||
| 100 |
_aYoung, Eric William. _914949 |
||
| 245 |
_aA course in world geography .book 9 : _bCentral Africa / _cEric William Young |
||
| 260 |
_aLondon : _bEdward Arnold, _cc1971. |
||
| 300 |
_a192 p. : _bill. ; _c21 cm. |
||
| 651 |
_aGeography _914950 |
||
| 942 |
_2lcc _cHS |
||
| 999 |
_c9758 _d9758 |
||